00725nam a2200241Ia 4500003000400000005001700004008004100021020001800062040001800080041000800098082002300106100002600129245007700155250001200232260004600244300002700290650004000317650003000357650003400387700002700421700001800448700001700466OSt20240628142033.0210427s2019 xx 000 0 und d a9789389583533 cAIMIT LIBRARY aeng a005.1331 21bVASS aVasudevan, Shriram K. aCracking the c++ programming skills /cBy Shriram K Vasudevan...[et.al]. a1st ed. aNew Delhi :bWiley India Pvt Ltd ;c2019. axi,228p. ;bPBc24 cm. aFunction overloading and overriding aDynamic memory allocation aMacros and include directives aNagarajan, Abhishek S aRMD, Sundaram aV, Subashri.